00000000nam##2200000za#4500
0019.687435
003CaOODSP
00520250129103337
007cr |||||||||||
008150407|2005||||xxc|||||o    f|0| 0 eng|d
020 |a0-662-39998-6
040 |aCaOODSP|beng
043 |an-cn---
0861 |aEn56-205/2005E-PDF
1102 |aMeteorological Service of Canada.
24510|aUnderstanding climate change : |h[electronic resource]|ba synthesis of climate change science / |cprepared by Henry Hengeveld, Bob Whitewood.
260 |aOttawa - Ontario : |bEnvironment Canada. |cc2005.
300 |a72p.|bcoloured figs., references, tables
500 |a"Much of the contents of this report was originally published in 1990 (updated in 1995) as a State of the Environment Report under the title Understanding Atmospheric Change."--Page 5 of 72. The ISBN (0-662-39997-8) and Catalogue No. (En56-205/2005E) for the print edition have been incorrectly copied in the pdf edition.
590 |a13-11-Supp|b2013-04-26
69007|aClimate change|2gcpds
77508|tComprendre le changement climatique : |w(CaOODSP)9.631886
85640|ahttp://publications.gc.ca|qPDF|s2892 KB|uhttps://publications.gc.ca/collections/collection_2013/ec/En56-205-2005-eng.pdf